Welcome to Silver Street Farm / (Record no. 79)
[ view plain ]
| 000 -LEADER | |
|---|---|
| fixed length control field | 01598nam a22003857a 4500 |
| 001 - CONTROL NUMBER | |
| control field | 79 |
| 003 - CONTROL NUMBER IDENTIFIER | |
| control field | FISKH |
| 005 - DATE AND TIME OF LATEST TRANSACTION | |
| control field | 20230222115604.0 |
| 008 - FIXED-LENGTH DATA ELEMENTS--GENERAL INFORMATION | |
| fixed length control field | 230221b cb ||||| |||| 00| 0 eng d |
| 010 ## - LIBRARY OF CONGRESS CONTROL NUMBER | |
| LC control number | 2012942670 |
| 020 ## - INTERNATIONAL STANDARD BOOK NUMBER | |
| International Standard Book Number | 9780763664435 (paperback) |
| 020 ## - INTERNATIONAL STANDARD BOOK NUMBER | |
| International Standard Book Number | 076366443X (paperback) |
| 020 ## - INTERNATIONAL STANDARD BOOK NUMBER | |
| Canceled/invalid ISBN | 9780763658311 (hardcover) |
| 035 ## - SYSTEM CONTROL NUMBER | |
| System control number | (OCoLC)ocn839882270 |
| 040 ## - CATALOGING SOURCE | |
| Original cataloging agency | NYP |
| Language of cataloging | eng |
| Transcribing agency | NYP |
| Description conventions | rda |
| Modifying agency | NYP |
| -- | OCLCQ |
| -- | OCLCO |
| -- | BDX |
| -- | DLC |
| -- | FISKH |
| 042 ## - AUTHENTICATION CODE | |
| Authentication code | lccopycat |
| 050 00 - LIBRARY OF CONGRESS CALL NUMBER | |
| Classification number | PZ7.D2842 |
| Item number | We 2013 |
| 082 04 - DEWEY DECIMAL CLASSIFICATION NUMBER | |
| Classification number | 823.92 |
| 100 1# - MAIN ENTRY--PERSONAL NAME | |
| Personal name | Davies, Nicola, |
| Dates associated with a name | 1958- |
| Relator term | author. |
| 245 10 - TITLE STATEMENT | |
| Title | Welcome to Silver Street Farm / |
| Statement of responsibility, etc. | Nicola Davies ; illustrated by Katharine McEwen. |
| 250 ## - EDITION STATEMENT | |
| Edition statement | First U.S. paperback edition. |
| 264 #1 - PRODUCTION, PUBLICATION, DISTRIBUTION, MANUFACTURE, AND COPYRIGHT NOTICE | |
| Place of production, publication, distribution, manufacture | Somerville, Massachusetts : |
| Name of producer, publisher, distributor, manufacturer | Candlewick Press, |
| Date of production, publication, distribution, manufacture, or copyright notice | 2013. |
| 300 ## - PHYSICAL DESCRIPTION | |
| Extent | 72 p. |
| Other physical details | illustrations, map ; |
| Dimensions | 20 cm |
| 336 ## - CONTENT TYPE | |
| Content type term | text |
| Content type code | txt |
| Source | rdacontent |
| 337 ## - MEDIA TYPE | |
| Media type term | unmediated |
| Media type code | n |
| Source | rdamedia |
| 338 ## - CARRIER TYPE | |
| Carrier type term | volume |
| Carrier type code | nc |
| Source | rdacarrier |
| 520 ## - SUMMARY, ETC. | |
| Summary, etc. | What can city friends to do when newly adopted baby poodles turn out to be sheep and some eggs thought to be rotten hatch into ducklings? For Gemma, Meera, and Karl, the answer's easy--turn the abandoned train station into a city farm! Throw in a friendly policeman, a chicken-herding dog, and a pair of runaway goats, and you've got yourself a little farm in the big city |
| 521 1# - TARGET AUDIENCE NOTE | |
| Target audience note | 890 |
| Source | Lexile |
| 521 1# - TARGET AUDIENCE NOTE | |
| Target audience note | X |
| Source | Raz-Plus |
| 650 #0 - SUBJECT ADDED ENTRY--TOPICAL TERM | |
| Topical term or geographic name entry element | Farm life |
| Form subdivision | Juvenile fiction. |
| 650 #1 - SUBJECT ADDED ENTRY--TOPICAL TERM | |
| Topical term or geographic name entry element | Farm life |
| Form subdivision | Fiction. |
| 700 1# - ADDED ENTRY--PERSONAL NAME | |
| Personal name | McEwen, Katharine, |
| Relator term | illustrator. |
| 906 ## - LOCAL DATA ELEMENT F, LDF (RLIN) | |
| a | 7 |
| b | cbc |
| c | copycat |
| d | 2 |
| e | ncip |
| f | 20 |
| g | y-gencatlg |
| 942 ## - ADDED ENTRY ELEMENTS (KOHA) | |
| Source of classification or shelving scheme | Dewey Decimal Classification |
| Koha item type | Books |
| Suppress in OPAC | No |
| Withdrawn status | Lost status | Source of classification or shelving scheme | Damaged status | Not for loan | Home library | Current library | Shelving location | Date acquired | Total Checkouts | Full call number | Barcode | Date last seen | Price effective from | Koha item type |
|---|---|---|---|---|---|---|---|---|---|---|---|---|---|---|
| Dewey Decimal Classification | Footprints International School Library Network Toul Kork Campus | Footprints International School Library Network Toul Kork Campus | A TK Campus, 4th Floor, Room B401, Fiction Bookcases (1-6) | 02/21/2023 | DAV 823.92 PZ7.D2842 | FISTK00082 | 02/21/2023 | 02/21/2023 | Books |
